Employment and economic growth (Record no. 150389)

MARC details
000 -LEADER
fixed length control field 00392nam a2200145Ia 4500
008 - FIXED-LENGTH DATA ELEMENTS--GENERAL INFORMATION
fixed length control field 230917s9999||||xx |||||||||||||| ||und||
040 ## - CATALOGING SOURCE
-- 132946
Original cataloging agency VIVEKANANDA LIBRARY
041 ## - Language
-- English
082 ## - DDC NUMBER
Classification number 330.9 I8E
100 ## - MAIN ENTRY--PERSONAL NAME
Personal name International Labour Organisation
245 #0 - TITLE STATEMENT
Title Employment and economic growth
260 ## - PUBLICATION, DISTRIBUTION, ETC. (IMPRINT)
Place of publication, distribution, etc Geneva
Name of publisher, distributor, etc International Labour Organisation
Date of publication, distribution, etc 1964
300 ## - PHYSICAL DESCRIPTION
Pages 217 p.
942 ## - ADDED ENTRY ELEMENTS (KOHA)
Koha item type Books
Holdings
Withdrawn status Lost status Damaged status Not for loan Location (home branch) Sublocation or collection (holding branch) Date acquired Koha issues (times borrowed) Koha full call number Accession No. Koha date last seen Koha item type
        VIVEKANANDA LIBRARY VIVEKANANDA LIBRARY 06/02/2010   330.9 I8E 2720 17/09/2023 Books
© Designed and Maintained by Vivekananda Library, MDU Rohtak